banner-ar

جامع السلطان حسن بمصر / (Record no. 60001)

MARC details
000 -الفاتح
حقل البيانات ثابتة الطول 00842nam a22002297a 4500
005 - وقت وتاريخ اخر تعامل مع التسجيلة
رقم الضبط 20240530110347.0
008 - عناصر البيانات ثابتة الطول - معلومات عامة
حقل البيانات ثابتة الطول 141210s2009 ua po f 000 0 ara d
017 ## - رقم الايداع القانونى
رقم الايداع القانونى 17977/2009
المصدر ( الهيئة المختصة) مصر . دار الكتب المصرية
020 ## - الرقم الدولى المعيارى للكتب
الرقم الدولى المعيارى للكتاب 977180867x
040 ## - مصدر الفهرسة
وكالة الفهرسة الأصلية EG-CaGPL
041 1# - رمز اللغة
رمز لغة النص/ المسارات الصوتية أو العنوان الانفرادي ara
082 04 - رقم تصنيف ديوى العشرى
رقم الطبعة 21
رقم التصنيف 726.1
رقم المادة ق/هـ ج
100 1# - المدخل الرئيسى - إسم شخصى
الإسم الشخصى هرتس ، مكس
245 10 - بيان العنوان
العنوان جامع السلطان حسن بمصر /
بيان المسئوليه,etc تاليف مكس هرتس ؛ عربه عن اللغة الفرنساوية على بهجت
260 ## - PUBLICATION, DISTRIBUTION, ETC. (IMPRINT)
تاريخ النشر أو التوزيع 2009
300 ## - الوصف المادى
التعداد 35 ص :
تفاصيل ماديه اخرى للوعاء صور ؛
أبعاد الوعاء 28 سم
650 04 - المدخل الاضافى بالموضوع-مصطلح موضوعى
مصطلح موضوعي مسجد السلطان حسين
650 04 - المدخل الاضافى بالموضوع-مصطلح موضوعى
مصطلح موضوعي المساجد
التقسيم الفرعي الجغرافي مصر
650 04 - المدخل الاضافى بالموضوع-مصطلح موضوعى
مصطلح موضوعي المساجد
التقسيم الفرعي العام عمارة
700 0# - المدخل الاضافى - اسم شخصى
الإسم الشخصى على هجت
الدور مترجم
942 ## - عناصر المدخل الإضافي( كوها)
مصدر التصنيف او مخطط الترفيف Dewey Decimal Classification
Koha [default] item type كتاب
260 ## - PUBLICATION, DISTRIBUTION, ETC. (IMPRINT)
-- القاهرة :
-- دار الكتب والوثائق القومية ،
Holdings
حالة التراجع حالة الفقد حالة تلف ليس للاعارة المكان المؤقت الموقع الحالى تاريخ الاكتساب اجمالي اﻻعارات رقم الطلب الباركود تاريخ اخر مشاهدة تاريخ تفعيل السعر نوع وعاء كوها
        مكتبة القاهرة الكبرى مكتبة القاهرة الكبرى 12/10/2014   726.1 ق/هـ ج 158977 12/10/2014 12/10/2014 كتاب

Powered By

EGPV